000 00532nam a22001937a 4500
003 KOHA_MİRAKIL
005 20251221135504.0
008 251221b tu ||||| |||| 00| 0 tur d
020 _a9786058043329
040 _aTR-AnABB
_btur
_cTR-AnABB
041 _atur
082 _a005.86
_bKEL 2019
100 1 _aKelleher, John D.,
245 1 0 _aVeri bilimi /
_cJohn D. Kelleher
260 _aİstanbul :
_bQNB Ufuk Açan Yayınları,
_c2019
300 _a215 sayfa ;
_c20 cm
650 0 4 _aVeri kurtarma
942 _2ddc
_cBK
999 _c9839
_d9839
900 _bGizem YORULMAZ